3 x Duca Lamberti (Record no. 22705)
[ view plain ]
| 000 -LEADER | |
|---|---|
| fixed length control field | 00918nam a22003013a 4500 |
| 001 - CONTROL NUMBER | |
| control field | 22705 |
| 003 - CONTROL NUMBER IDENTIFIER | |
| control field | SK-KTurca |
| 005 - DATE AND TIME OF LATEST TRANSACTION | |
| control field | 20260421143704.0 |
| 008 - FIXED-LENGTH DATA ELEMENTS--GENERAL INFORMATION | |
| fixed length control field | 230808s1979 xo g 000 1 slo d |
| 035 ## - SYSTEM CONTROL NUMBER | |
| System control number | a000730433 |
| 040 ## - CATALOGING SOURCE | |
| Original cataloging agency | UKB |
| Language of cataloging | slo |
| Transcribing agency | UKB |
| Description conventions | AACR2 |
| 041 1# - LANGUAGE CODE | |
| Language code of text/sound track or separate title | slo |
| Language code of original | ita |
| 044 ## - COUNTRY OF PUBLISHING/PRODUCING ENTITY CODE | |
| MARC country code | xo |
| ISO country code | SK |
| 100 1# - MAIN ENTRY--PERSONAL NAME | |
| Personal name | Scerbanenco, Giorgio, |
| Dates associated with a name | 1911-1969 |
| 245 10 - TITLE STATEMENT | |
| Title | 3 x Duca Lamberti |
| Statement of responsibility, etc. | Giorgio Scerbanenco ; z tal. orig. preložil Ján Prochácka |
| 246 3# - VARYING FORM OF TITLE | |
| Title proper/short title | Trikrát Duca Lamberti |
| 250 ## - EDITION STATEMENT | |
| Edition statement | 2. vyd. |
| 260 ## - PUBLICATION, DISTRIBUTION, ETC. | |
| Place of publication, distribution, etc. | Bratislava |
| Name of publisher, distributor, etc. | Slovenský spisovateľ |
| Date of publication, distribution, etc. | 1979 |
| 300 ## - PHYSICAL DESCRIPTION | |
| Extent | 436 s. |
| 530 ## - ADDITIONAL PHYSICAL FORM AVAILABLE NOTE | |
| Additional physical form available note | Dostupný aj zvukový záznam |
| 700 1# - ADDED ENTRY--PERSONAL NAME | |
| Personal name | Prochácka, Ján |
| Relationship | trl |
| 740 02 - ADDED ENTRY--UNCONTROLLED RELATED/ANALYTICAL TITLE | |
| Uncontrolled related/analytical title | Súkromná Venuša |
| 740 02 - ADDED ENTRY--UNCONTROLLED RELATED/ANALYTICAL TITLE | |
| Uncontrolled related/analytical title | Masakra |
| 740 02 - ADDED ENTRY--UNCONTROLLED RELATED/ANALYTICAL TITLE | |
| Uncontrolled related/analytical title | Milánčania vraždia v sobotu |
| 776 0# - ADDITIONAL PHYSICAL FORM ENTRY | |
| Title | Súkromná Venuša |
| Relationship information | [zvukový záznam] |
| 776 0# - ADDITIONAL PHYSICAL FORM ENTRY | |
| Title | Milánčania vraždia v sobotu |
| Relationship information | [zvukový záznam] |
| 942 ## - ADDED ENTRY ELEMENTS (KOHA) | |
| Source of classification or shelving scheme | Dewey Decimal Classification |
| Koha item type | Krásna literatúra pre dospelých |
| Suppress in OPAC | No |
| Stav vyradenia | Strata | Poškodenie | Spôsob nadobudnutia | Domovská knižnica | Aktuálna knižnica | Dátum nadobudnutia | Total checkouts | Čiarový kód exemplára | Date last seen | Typ exemplára |
|---|---|---|---|---|---|---|---|---|---|---|
| Dar | Obecná knižnica Horná Štubňa | Obecná knižnica Horná Štubňa | 21.04.2026 | 4736202229 | 21.04.2026 | Krásna literatúra pre dospelých |
